| 000 | 00627nam a22001817a 4500 | ||
|---|---|---|---|
| 003 | BD-DhUL | ||
| 005 | 20161102141013.0 | ||
| 008 | 161102snd ii ||||| |||| 00| 0 eng d | ||
| 040 |
_cBD-DhUL _dBD-DhUL |
||
| 082 |
_a891.449 _bMIK |
||
| 100 | _aমিশ্র, গোবিন্দ | ||
| 245 | 1 | 0 |
_aশ্রীকৃষ্ণগীতা / _cগোবিন্দ মিশ্র |
| 260 |
_aআসাম : _bশ্রীনন্দেশ্বর, |
||
| 300 |
_a৩৫২ পৃ. ; _c১৮ সে.মি. |
||
| 650 | 0 | _aবৈষ্ণব সাহিত্য | |
| 650 | 0 | _aVaishnava literature | |
| 942 |
_2ddc _cBK |
||
| 999 |
_c118986 _d118986 |
||